Countries with the Most Tin Reserves ⛏️ - Statistics

General Stats
  • This quiz has been taken 13 times
    12 since last reset
  • The average score is 7 of 8
Answer Stats
Reserves Country % Correct
570,000 Australia
100%
400,000 Bolivia
92%
700,000 Brazil
92%
1,200,000 China
92%
1,400,000 Indonesia
92%
150,000 Peru
92%
460,000 Russia
75%
700,000 Myanmar
50%
No matching quizzes found
Score Distribution
Percent of People with Each Score
Percentile by Number Answered
Your Score History
You have not taken this quiz since the last reset